000
00257nam a22000977a 4500
100
_a
Doyle,Arthur Conan
_9
79771
245
_a
The Adventures of Sherlock Holmes
260
_a
New Delhi
_b
Mahavir jain & Sons
_c
2018
650
_a
Children Book
_9
79903
942
_c
BK
999
_c
63446
_d
63446